Bioactive food as dietary interventions for liver and gastrointestinal disease (Record no. 30856)

MARC details
000 -LEADER
fixed length control field 00863nam a2200193 a 4500
008 - FIXED-LENGTH DATA ELEMENTS--GENERAL INFORMATION
fixed length control field 160223s2013 ||||||||||||||||| || u
020 ## - INTERNATIONAL STANDARD BOOK NUMBER
International Standard Book Number 9780123971548
050 ## - LIBRARY OF CONGRESS CALL NUMBER
Classification number RC 803 Bio
100 ## - MAIN ENTRY--PERSONAL NAME
Personal name Watson, Ronald Ross
245 10 - TITLE STATEMENT
Title Bioactive food as dietary interventions for liver and gastrointestinal disease
Statement of responsibility, etc. Edited By Ronald Ross Watson and Victor R. Preedy
260 ## - PUBLICATION, DISTRIBUTION, ETC.
Place of publication, distribution, etc. Boston
Name of publisher, distributor, etc. Academic Press/Elsevier
Date of publication, distribution, etc. 2013
300 ## - PHYSICAL DESCRIPTION
Extent xxvi,774p.: ill.
350 ## -
-- 149.95
490 ## -
-- Bioactive foods in chronic disease states
650 ## - SUBJECT ADDED ENTRY--TOPICAL TERM
Topical term or geographic name entry element LIVER--DISEASES--NUTRITIONAL ASPECTS
650 ## - SUBJECT ADDED ENTRY--TOPICAL TERM
Topical term or geographic name entry element BIOACTIVE COMPOUNDS
650 ## - SUBJECT ADDED ENTRY--TOPICAL TERM
Topical term or geographic name entry element GASTROINTESTINAL SYSTEM--DISEASES--NUTRITIONAL ASPECTS
995 ## -
-- MEDICAL LIBRARY OPEN ACCESS
-- 903459
-- CBU-SCHOOL OF MEDICINE LIBRARY (Ndola)
-- 149.95
-- RC 803 Bio
-- 1
-- AVAILABLE
-- Feb 29, 2016
-- 903459
-- Medical Library Open Access Collection
999 ## -
-- 30856
-- 30856
Holdings
Withdrawn status Lost status Source of classification or shelving scheme Damaged status Not for loan Permanent Location Current Location Shelving location Date acquired Total Checkouts Full call number Barcode Date last seen Price effective from Koha item type
          CBU-SCHOOL OF MEDICINE LIBRARY, NDOLA. CBU-SCHOOL OF MEDICINE LIBRARY, NDOLA.   11/30/2022   RC 803 Bio 903459 11/30/2022 11/30/2022 MONOGRAPH